000 00214nam a22000857a 4500
008 161129b xxu||||| |||| 00| 0 eng d
100 _91577
_aKeller.H.
245 _aThe Story of My Life
260 _aNew Delhi
_bGoyal
_c2012
999 _c4306
_d4306